1996 AFL Premiership Team - Statistics

General Stats
  • This quiz has been taken 33 times
  • The average score is 10 of 23
Answer Stats
Hint Answer % Correct
Premiership Team North Melbourne
93%
Centre Half Forward Wayne Carey
93%
Back Pocket Glenn Archer
78%
Coach Denis Pagan
70%
Rover Anthony Stevens
67%
Full Forward Corey McKernan
67%
Wing David King
63%
Centre Adam Simpson
59%
Full Back Mick Martyn
59%
Ruck Rover Anthony Rock
37%
Half Forward Flank Brett Allison
37%
Forward Pocket Craig Scholl
37%
Wing Dean Laidley
37%
Half Back Flank John Blakey
30%
Interchange Peter Bell
30%
Back Pocket Robert Scott
30%
Half Back Flank Wayne Schwass
30%
Half Forward Flank Glenn Freeborn
26%
Interchange Mark Roberts
26%
Centre Half Back Ian Fairley
22%
Ruck Matthew Capuano
22%
Forward Pocket Darren Crocker
19%
Interchange Stuart Anderson
15%
No matching quizzes found
Score Distribution
Percent of People with Each Score
Percentile by Number Answered
Your Score History
You have not taken this quiz